Mobily a internet. Sú pre deti hrozbou? riziká súvisiace s čoraz väčším používaním mobilov a internetu deťmi sa zvyšujú

Bibliographic Details
Main Author: Krpelan, Ján (Author)
Format: Article
Language:Slovak
PhysicalDescription:Fotogr.
ISSN:1335-4051
Subjects:

MARC

LEADER 00000nab a2200000 a 4500
001 vtls009145630
003 SK-MaSNL
005 20260426070935.0
008 071002c20070530xo ur| 0 0slo
015 |a SNBRB2007/10 
038 |a RVGKPD 
040 |a RVGKPD  |b slo  |c RVGKPD  |e AACR2 
041 |a slo 
044 |a xo  |c SK 
080 |a 656.254.1  |x (437.6)  |2 1997 
080 |a 004.738.5  |x (437.6)  |2 1997 
100 1 |a Krpelan, Ján  |4 aut  |9 1324546 
245 1 0 |a Mobily a internet. Sú pre deti hrozbou?  |b riziká súvisiace s čoraz väčším používaním mobilov a internetu deťmi sa zvyšujú  |c Ján Krpelan 
300 |b Fotogr. 
650 0 7 |a mobilné telefóny  |2 rvgkpd  |9 20365 
650 0 7 |a internet  |2 rvgkpd  |9 1833 
650 0 7 |a využívanie  |2 rvgkpd  |9 458995 
650 0 7 |a deti  |2 rvgkpd  |9 773 
651 7 |a Slovensko  |2 rvgkpd  |9 14231 
773 0 |t Pravda  |g Roč. XVII, č. 123 (30.5.2007)  |x 1335-4051 
773 0 |i [Príl.]  |t Spektrum  |g (30.5.2007), s. I., III. 
852 |a RVGKPD  |b KIS3G 
992 |a RBX 
999 |c 2672829  |d 2674759